01469cam a2200373 a 450000100090000000300090000900500170001800800410003502000150007602000150009102000180010603500240012404000770014804100130022508200230023810000430026124501200030426400460042430000270047033600260049733700280052333800270055150400410057854600590061965000410067865100100071965300210072965500240075070000480077485600910082294200120091399900170092595201530094216314519EG-ScBUE20220316140018.0100702s2010 nyu f b 000 0deng d a0982624646 a0982624646 a9780982624647 a(OCoLC)ocn601122189 aDLCbengerdacDLCdYDXdBTCTAdYDXCPdIOGdVP@dBWXdCDXdDLCdEG-ScBUE1 aenghara04a305.89274222bDAR1 aDarwīsh, Maḥmūd,eauthor.92477210aJournal of an ordinary grief /cMahmoud Darwish ; translated from the Arabic and with a foreword by Ibrahim Muhawi. 1aBrooklyn, NY :bArchipelago Books,c2010. axv, 177 pages ;c19 cm 2rdacontentatextbtxt 2rdamediaaunmediatedbn 2rdacarrieravolumebnc aIncludes bibliographical references. aText in English ; translated from the original Arabic. 7aJewish-Arab relations.9247742BUEsh 2BUEsh cJune2011bARALIT vReading book9342321 aMuhawi, Ibrahim,d1937-924775etranslator.423Publisher descriptionuhttp://www.loc.gov/catdir/enhancements/fy1111/2010027211-d.html 2ddccBB c15558d15558 00102ddc40708BaccahaMAINbMAINc1STd2011-06-06g168.00h12344l1m9o305.89274 DARp000023968r2025-11-13 00:00:00s2023-03-20w2011-06-06yBB